000 00897nam a2200253 i 4500
003 DO-SdBNP
005 20240904104814.0
007 ta
008 240904s2007 dr ac 000 j spa d
020 _a9789945858641
040 _aDO-SdBNP
_bspa
_cBNPHU
_erda
082 _bR696a
_222
100 1 _aRodríguez Guerrero, Rafael
_911765
_d1923-
_eautor
245 1 0 _aApuntes genealógicos, biografícos e históricos :
_bTrujillo: crímenes desconocidos /
_cRafael Rodríguez Guerrero
264 1 _aSanto Domingo :
_bCyberColor prin center,
_c2007.
300 _a268 páginas,
_bilustraciones, retratos
_c21 cm.
336 _2rdacontent
_atexto
_btxt
337 _2rdamedia
_asin mediación
_bn
338 _2rdacarrier
_avolumen
_bnc
500 _aIncluye datos biográficos del autor en la solapa de la portada.
590 _aInventariado, 2024/ YL
910 _aYLockward
942 _2ddc
_cLBS1
999 _c57623
_d57623